000 00708nam a2200289Ia 4500
005 20260324131005.0
008 008 260324s9999 xx 000 0 eng d
020 _a9780203965009
037 _aEBOOK
040 _aCRL
040 _beng
040 _cCRL
041 _2eng
041 _aeng
084 _qCRL
100 _aKey-young Son
_91183805
245 0 _aSouth Korean Engagement Policies and North Korea
245 0 _bIdentities, Norms and the Sunshine Policy
260 _bTaylor and Francis
260 _c2006
365 _a
365 _b240
856 _uhttp://www.taylorfrancis.com/books/9780203965009
942 _cEBOOK
999 _c1780573
_d1780573